|
|
|
|
| LEADER |
00598cam a2200169 7i4500 |
| 001 |
0000029968 |
| 005 |
20130829090000.0 |
| 020 |
0 |
0 |
|a 9780857090393
|
| 090 |
0 |
0 |
|a P 615.321
|b HAN
|
| 245 |
1 |
0 |
|a Handbook of herbs and spices :
|b volume 2.
|
| 260 |
0 |
0 |
|a Philadelphia, PA:
|b Woodhead Publishing,
|c 2012.
|
| 300 |
# |
# |
|a 2 v. [600 p].
|
| 440 |
0 |
0 |
|a Woodhead publishing series in food science, technology and nutrition
|
| 500 |
0 |
0 |
|a Library has volume 1 & 2
|
| 650 |
0 |
0 |
|a Herbs --
|x Handbooks, manuals, etc
|
| 650 |
0 |
0 |
|a Spices --
|x Handbooks, manuals, etc
|
| 999 |
|
|
|a 0000033001
|b Book
|c Products
|e Business Information Centre
|